00368nam a22001217a 4500020001600000082000800016100001600024245007100040260003700111300003000148650004000178700002800218 qHard Cover. a621 aMir, Aqeela aDYNAMICS OF MECHATRONICS ENGINEERING-A FUTURE VISION /cAqeela Mir aIslamabad :bCEME - NUST,c2013. aix, 98 p. : ill. ;c30cm. aMechatronics Engineering-MS-Thesis. aDr. Akhtar Nawaz Malik.